000 00512nam a22001697a 4500
005 20231123084408.0
008 231123b |||||||| |||| 00| 0 eng d
020 _a0702135615
041 _aEnglish
082 _a342 CON
100 _aChaskalson, M et al.
_lEnglish
245 _aConstitutional Law of South Africa /
_cM Chaskalson et al.
260 _aCape Town :
_bJuta and Company Ltd,
_c1996
300 _bx,
_c26 cm.
650 _aLegal practice
_bLaw
942 _cBK
_6ALISON_BN_VRIES
999 _c875
_d875